MDQL
is popping MORE tags! Check the
thread
!
Quizzes
Events
Quiz Creation
Community
Videos
Private Events
Remove Ads
Sign In
Join for FREE
Feedback
Dark Mode
Quiz Categories
Sports
Geography
Music
Movies
Television
Just For Fun
Miscellaneous
History
Literature
Language
Science
Gaming
Entertainment
Religion
Holiday
For Kids
Quiz Lab
Recent
Popular Today
Quiz Kudos Today
Editor Picks
Curator Picks
Quizzes by...
Day
Popularity
Type
Ratings
Length
Year
Community
Subscriptions
Recent Discussions
Orange Saloon
Badges
Playlists
Quests
Create
Leaderboards
Showdown
Live 5
Trivia Bingo
Activity
Puzzle Library
Sporcle Events
Private Events
Virtual Trivia
Globe League
Become a Host
Pub Owners
SporcleCon
Opinionation
Our Games
Videos
Blog
Mobile Apps
Partnerships
Remove Ads and Go Orange
Feedback
Sports
Athletes
MLB
NBA
NHL
NFL
Soccer
Sports Teams
WWE
NCAA
Football
Premier League
Basketball
Baseball
Hockey
Golf
Tennis
Cricket
Rugby
Auto Racing
Olympics
World Cup
Sports
Athletes
MLB
NBA
NHL
NFL
Soccer
Sports Teams
WWE
NCAA
Football
Premier League
Basketball
Baseball
Hockey
Golf
Tennis
Cricket
Rugby
Auto Racing
Olympics
World Cup
Random Quiz
Search Sporcle
×
Quiz Lab
Quiz Lab
Sports
Football
Type in answers that appear in a list
Type in answers that appear in a list
Classic
Best Score? Go Orange.
Scottish football top scorers in League Stats
Can you name the top scorers in Scottish League football for each season?
By
fnc
12m
125 Questions
484 Plays
484 Plays
484 Plays
Comments
Comments
Give Quiz Kudos
Give Quiz Kudos
-
- Ratings
hide this ad
Replay
Link that replays current quiz
Next Quiz
Link to next quiz in quiz playlist
You Got
0%
They Got
Avg Score
28%
Avg Friend Score
Upgrade to see
Score Distribution
Jump to the score distribution portion of the page
Score
0/125
Timer
12:00
0
Plays Today
Year
player
% Correct
1998/
99
Henrik Larsson
96.9%
2000/
21
Henrik Larsson
96.9%
2001/
02
Henrik Larsson
96.9%
2002/
03
Henrik Larsson
96.9%
2003/
04
Henrik Larsson
96.9%
2005/
06
Kris Boyd
92.8%
2006/
07
Kris Boyd
92.8%
2008/
09
Kris Boyd
92.8%
2009/
10
Kris Boyd
91.7%
1985/
86
Ally McCoist
86.2%
1991/
92
Ally McCoist
86.2%
1992/
93
Ally McCoist
86.2%
2004/
05
John Hartson
80.4%
2010/
11
Kenny Miller
77.3%
2011/
12
Gary Hooper
68.6%
2007/
08
Scott McDonald
67.4%
1977/
78
Derek Johnstone
66.7%
1894/
95
James Miller
60.3%
1997/
98
Marco Negri
59.7%
1975/
76
Kenny Dalglish
59.5%
1989/
90
John Robertson
54.1%
1993/
94
Mark Hateley
54.1%
1933/
34
James Smith
53.9%
1934/
35
James Smith
53.9%
1982/
83
Charlie Nicholas
52.3%
1988/
89=
Charlie Nicholas
52.3%
1996/
97
Jorge Cadete
50.4%
1999/
2000
Mark Viduka
48.6%
1983/
84
Brian McClair
45%
1986/
87
Brian McClair
45%
1987/
88
Tommy Coyne
44.4%
1990/
91
Tommy Coyne
44.4%
1994/
95
Tommy Coyne
44.4%
1917/
18
Hugh Ferguson
40.9%
1919/
20
Hugh Ferguson
40.9%
1920/
21
Hugh Ferguson
40.9%
1965/
66=
Alex Ferguson
40.7%
1967/
68
Bobby Lennox
40.3%
1926/
27
Jimmy McGrory
39.5%
1927/
28
Jimmy McGrory
39.5%
1935/
36
Jimmy McGrory
39.5%
1988/
89=
Mark McGhee
38.6%
Year
player
% Correct
1966/
67
Steve Chalmers
37.6%
1980/
81
Frank McGarvey
37%
1973/
74
Dixie Deans
33.7%
1971/
72
Joe Harper
33.5%
1921/
22
Duncan Walker
31.8%
1969/
70
Colin Stein
31.8%
1978/
79
Andy Ritchie
31.2%
1937/
38
Andrew Black
31%
1974/
75=
Willie Pettigrew
27.7%
1976/
77
Willie Pettigrew
27.7%
1995/
96
Pierre van Hooijdonk
26.9%
1974/
75=
Andy Gray
24.6%
1950/
51
Laurie Reilly
24.4%
1951/
52
Laurie Reilly
24.4%
1952/
53=
Laurie Reilly
24.4%
1961/
62
Alan Gilzean
21.9%
1963/
64
Alan Gilzean
21.9%
1984/
85
Frank McDougall
21.9%
1936/
37
David Wilson
21.7%
1970/
71
Harry Hood
19.8%
1981/
82
George McCluskey
19.6%
1949/
50
Willie Bauld
19%
1954/
55
Willie Bauld
19%
1965/
66=
Joe McBride
17.6%
1904/
05=
Jimmy Quinn
15.3%
1905/
06
Jimmy Quinn
15.3%
1906/
07
Jimmy Quinn
15.3%
1909/
10=
Jimmy Quinn
15.3%
1972/
73
Alan Gordon
14.5%
1922/
23
John White
13.8%
1953/
54
Jimmy Wardhaugh
11.8%
1955/
56
Jimmy Wardhaugh
11.8%
1957/
58=
Jimmy Wardhaugh
11.8%
1958/
59
Joe Baker
11.6%
1959/
60
Joe Baker
11.6%
1979/
80
Doug Somner
9.7%
1897/
98
Robert Hamilton
9.1%
1898/
99
Robert Hamilton
9.1%
1899/
1900=
Robert Hamilton
9.1%
1900/
01
Robert Hamilton
9.1%
1903/
04
Robert Hamilton
9.1%
1904/
05=
Robert Hamilton
9.1%
Year
player
% Correct
1964/
65
James Forrest
8.9%
1918/
19
David McLean
8.5%
1962/
63
James Millar
8.5%
1907/
08
John Simpson
7.9%
1909/
10=
John Simpson
7.9%
1930/
31
Barney Battles
7.9%
1892/
93=
John Campbell
7.4%
1928/
29
Evelyn Morrison
7.2%
1957/
58=
James Murray
6.6%
1890/
91
John Bell
6.4%
1891/
92
John Bell
6.4%
1902/
03
David Reid
5.4%
1910/
11
William Reid
5.4%
1911/
12
William Reid
5.4%
1912/
13
James Reid
5.4%
1913/
14
James Reid
5.4%
1896/
97
William Taylor
5.2%
1956/
57
Hugh Baird
5%
1892/
93=
Alex McMahon
4.8%
1893/
94
Alex McMahon
4.8%
1968/
69
Kenneth Cameron
4.8%
1895/
96
Allan Martin
4.1%
1908/
09
John Hunter
3.9%
1915/
16
James McColl
3.9%
1952/
53=
Charles Fleming
3.7%
1931/
32
William MacFadyen
3.1%
1932/
33
William MacFadyen
3.1%
1960/
61
Alex Harley
3.1%
1946/
47
Robert Mitchell
2.9%
1929/
30
Benny Yorston
2.3%
1923/
24
David Halliday
2.1%
1901/
02
William Maxwell
1.7%
1914/
15=
James Richardson
1.2%
1938/
39
Alex Venters
1.2%
1899/
1900=
William Michael
0.8%
1947/
48
Archie Aikman
0.6%
1914/
15=
Thomas Gracie
0.4%
1916/
17
Bert Yarnall
0.4%
1924/
25
William Devlin
0.4%
1925/
26
William Devlin
0.4%
1948/
49
Alexander Stott
0.4%
Quiz Playlist
Details
Report
Send in Message
Add To Playlist
Classic:
Type in answers that appear in a list
Last Updated: Feb 16, 2017
Quiz Scoreboard
CHALLENGE
Sign Up to Join the Scoreboard
Show All
Scores
Hide
Comments
May contain spoilers
Recently Published
5x2 Blitz: Bands
by SL_Kpop136
Music
30s
Colored Red Africa Blitz
by spor1
Geography
30s
Find the 'City' Movie
by crazypaving
Movies
60s
More to Explore
Quiz From the Vault
Featured Blog Post
14 Easter Pick-up Lines to Find Eggs With
hide this ad
You Might Also Like...
Tags
Football Quiz
goal
Player
score
Scorer
scottish
season
team
Today's Top Quizzes in Sports
Browse Sports
hide this ad
Today's Top Quizzes in Football
Browse Football
Top Contributed Quizzes in Sports
1
Les entraîneurs de l'OM et du PSG au 21e siècle
2
Les meilleurs buteurs des matchs entre le PSG et l’OM
3
Players with Multiple 50 Home Run Seasons
4
2022 World Cup Stars
5
Les joueurs passés par le PSG et l'OM
6
NBA Logic Puzzle 2.0
7
Criteria MLB: Left Handed Sluggers
8
MLB Players with Two .350 Batting Average Seasons
9
Top 10 NHL Goal Scorers of All Time
10
Who Hit More Homers?
Explore More
Trending Topics
Crossword
Kpop
Disney
Harry Potter
Anime
Marvel
NBA
Pokémon
WWE
NFL
Puzzle
Soccer
Country
The Office
Song
hide this ad
More By:
fnc
Quiz
Plays
Rating
Category
Featured
Created
Top 100 capped Scotland football players
6,869
4.46
Sports
Oct 15, 2009
Celtic Top Scorer for each season
1,124
2.25
Sports
Dec 8, 2009
Celtic player playing for Scotland
641
Sports
Dec 10, 2009
Celtic Players Champions League Appearances
590
5.00
Sports
Nov 15, 2012
Henrik Larsson Celtic team-mates 1997-2004
528
Sports
Mar 13, 2013
Go to Creator's Profile
Score Distribution
Quiz Creator Spotlight
fnc
Follow
Send a Message
Quizzes Created
-
Created Quiz Play Count
-
More By This Creator
Popular Quizzes Today
1
Colored Red Africa Blitz
2
Find the 'City' Movie
3
5x2 Blitz: Bands
4
Find the US States - No Outlines Minefield
5
The Countries of the World
6
Find the US States
7
US States
8
Find the Countries of Europe - No Outlines Minefield
More Sports Quizzes
NFL Starting QBs (Las Vegas Raiders)
Published
Trending Quizzes
Colored Red Europe Blitz I
Colored Red Europe Blitz II
Colored Red Africa Blitz II
Colored Red Europe Blitz III
Colored Red Africa Blitz III
Recently Updated
How Do You Spell That?
pecheneg
Godzilla Movies
pecheneg
Grab Bag: 4-10 Letters
pecheneg
2024 March Madness Bracket
pecheneg
Famous TV Couples
Peacemaker
Champions League XIs: Real Madrid
pecheneg
Largest US Cities 1790-2010
pecheneg
Rides in Walt Disney World
pecheneg
Most Oscar Losses (Acting)
pecheneg
Beyoncé Albums
pecheneg
Trending Topics
Marvel
Harry Potter
Crossword
NBA
Kpop
Anime
Disney
Country
Pokémon
NFL
Song
WWE
The Office
Puzzle
Soccer
Your Account Isn't Verified!
In order to create a playlist on Sporcle, you need to verify the email address you used during registration. Go to your
Sporcle Settings
to finish the process.
Report this User
Report this user for behavior that violates our
Community Guidelines
.
Details:
Send Report
Go to the Sporcle.com Mobile Site →
Comments